01171nam a22003015i 4500999001700000003000900017005001700026008004100043020001800084040004300102082001900145100004300164245009300207264004900300300002700349336002600376337002800402338002700430504005100457650003500508650006400543650002200607653003300629655001700662700003300679942001200712952014500724 c27716d27687EG-ScBUE20191029111640.0191029s2017 ii f b 001 0 eng d a9789386296306 aEG-ScBUEbengerdacEG-ScBUEdEG-ScBUE04a320.3bMUK2221 aMukherjee, Subrata,‏d1944-eauthor.10aTheoretical foundations of comparative politics /cSubrata Mukherjee, Sushila Ramaswamy. 1aHyderabad, India :bOrient BlackSwan,c2017. axi, 290 pages ;c24 cm atextbtxt2rdacontent aunmediatedbn2rdamedia avolumebnc2rdacarrier aIncludes bibliographical references and index. 7aComparative government.2BUEsh 7aRepresentative government and representation.2BUEsh928753 7aDemocracy.2BUEsh bMASPPSSbBUSBOLcOctober2019 vReading book1 aRamaswamy, Sushila,eauthor. 2ddccBB 00102ddc40708BaccahaMAINbMAINc1STd2019-10-29ePurchaseg730.00l0o320.3 MUKp000048177r2025-07-15 00:00:00v912.50w2019-10-29yBB